La lucha de Omar Torrijos por la recuperación de la integridad nacional /

Na minha lista:
Detalhes bibliográficos
Autor principal: Tack, Juan Antonio
Formato: Texto
Tags: Adicionar Tag
Sem tags, seja o primeiro a adicionar uma tag!

MARC

LEADER 00000 a a2200000 04500
001 9441
003
040
100 |a Tack, Juan Antonio  
245 |a La lucha de Omar Torrijos por la recuperación de la integridad nacional /  |c Juan Antonio Tack 
773 |g número 484; páginas 89-105  
999 |c 23061  |d 23061